000 00707nam a2200205Ia 4500
003 GCL
008 140319s9999 xx 000 0 ara d
020 _a4592300977
040 _aGCL /
_cGCL
082 0 4 _a417
_bح ل
100 1 _aحسام البهنساوى
245 1 0 _aلهجات الدقهلية :
_bدراسة - وصفية - تاريخية فى التراكيب و الدلالة /
_cحسام البهنساوى
260 _aالقاهرة :
_bالعربى للنشر والتوزيع ،
_c1994
300 _a656 ص ؛
_c24 سم
650 0 4 _aاللغة العربية
650 0 4 _aاللهجات
650 0 4 _aالدقهلية
650 0 4 _aاللهجة المصرية
942 _2ddc
_cBK
999 _c55393
_d55393